Buckinghamshire County Council (Education Committee) (Record no. 116533)

MARC details
000 -LEADER
fixed length control field 00852ctm a22002175a 4500
001 - CONTROL NUMBER
control field L140924
008 - FIXED-LENGTH DATA ELEMENTS--GENERAL INFORMATION
fixed length control field 071017s1956 xxk eng u
035 ## - SYSTEM CONTROL NUMBER
System control number (Sirsi) u140924
041 0# - LANGUAGE CODE
Language code of text/sound track or separate title eng
100 1# - MAIN ENTRY--PERSONAL NAME
Personal name Pooley, F. B.
245 00 - TITLE STATEMENT
Title Buckinghamshire County Council (Education Committee)
Remainder of title bills of quantities for the erection and completion of a primary school at Mitchell Walk, Amersham, Buckinghamshire
260 ## - PUBLICATION, DISTRIBUTION, ETC.
Date of publication, distribution, etc. January 1956
300 ## - PHYSICAL DESCRIPTION
Extent 1 v.
Dimensions 32 cm.
340 ## - PHYSICAL MEDIUM
Material base and configuration Typescript
351 ## - ORGANIZATION AND ARRANGEMENT OF MATERIALS
Organization Single item
500 ## - GENERAL NOTE
General note Pages inserted at the front give figures for the erection of Amersham Primary School, Rolls Road Primary School and a secondary school at Cuckoo Lane, Liverpool.
651 4# - SUBJECT ADDED ENTRY--GEOGRAPHIC NAME
Geographic name Buckinghamshire
690 ## - LOCAL SUBJECT ADDED ENTRY--TOPICAL TERM (OCLC, RLIN)
Topical term or geographic name as entry element PROPERTY-OTHER PROPERTY TYPES-SCHOOL PROPERTY-SCHOOLS
700 1# - ADDED ENTRY--PERSONAL NAME
Personal name Johnson-Marshall, S. A. W.
942 ## - ADDED ENTRY ELEMENTS (KOHA)
Suppress in OPAC 0
Holdings
Withdrawn status Lost status Source of classification or shelving scheme Damaged status Not for loan Home library Current library Shelving location Date acquired Total Checkouts Full call number Barcode Date last seen Copy number Price effective from Koha item type
    Dewey Decimal Classification     London London Basement 17/10/2007   BASEMENT BOX 2 30011828 06/08/2019 1 06/08/2019 Archive